CJI directory of construction industry in India 2001-02 (Record no. 492798)

000 -LEADER
fixed length control field 00398cam a22001217a 4500
008 - FIXED-LENGTH DATA ELEMENTS--GENERAL INFORMATION
fixed length control field 180718b2001 xxu||||| |||| 00| 0 eng d
082 ## - DEWEY DECIMAL CLASSIFICATION NUMBER
Classification number X2053 Si64 (R)
245 ## - TITLE STATEMENT
Title CJI directory of construction industry in India 2001-02
Statement of responsibility, etc. edited by P.K. Singh
260 ## - PUBLICATION, DISTRIBUTION, ETC.
Place of publication, distribution, etc. New Delhi
Name of publisher, distributor, etc. Construction Journal of India
Date of publication, distribution, etc. 2001
300 ## - PHYSICAL DESCRIPTION
Extent v.p.
650 ## - SUBJECT ADDED ENTRY--TOPICAL TERM
Topical term or geographic name entry element Construction industry - Directories
700 ## - ADDED ENTRY--PERSONAL NAME
Personal name Singh, P.K.
Holdings
Withdrawn status Lost status Damaged status Not for loan Permanent Location Current Location Date acquired Full call number Barcode Date last seen Price effective from Koha item type
        Indian Institute of Public Administration Indian Institute of Public Administration 2018-08-04 X2053 Si64 (R) GR16736 2018-08-04 2018-08-04 GR

Powered by Koha